006350000a2200181000450024500610000065000180006165000130007965000230009265100130011565300390012865300530016765300430022065300440026365300370030704100130034410000230035777300730038010aReport on cave spiders from Mexico and Central América14aEntomología14aCavernas14aTaxonomía animal 4pMéxico fDipluridaegEuagruseEuagrus anops fTheraphosidaegSchizopelmaeSchizopelma reddelli fPholcidaegMetagoniaeMetagonia martha fPholcidaegMetagoniaeMetagonia jarmila fTelemidaegTelemaeTelema mayana0 aInglés1 aGertsch, Willis J.1 tAssociation for Mexican Cave Studies Bulletin3340h5q141-163d1973